Exotické ovoce #2 - Statistics

General Stats
  • This quiz has been taken 43 times
  • The average score is 4 of 20
Answer Stats
Picture Answer % Correct
Pithaja
90%
Marakuja
82%
Kumquat
41%
Physalis
36%
Jackfruit
31%
Salak
26%
Opuncie
23%
Kiwano
15%
Mangostan
15%
Tamarind
13%
Longan
10%
Tamarillo
10%
Kuruba
8%
Granadilla
5%
Černá sapota
3%
Pepino
3%
Jabuticaba
0%
Jujuba
0%
Lucuma
0%
Sapodilla
0%
No matching quizzes found
Score Distribution
Percent of People with Each Score
Percentile by Number Answered
Your Score History
You have not taken this quiz